00516 a2200157 4500010001400000020002300014035001300037037001600050082000800066100002100074245006400095260004400159270007200203300004200275500004100317 aENG-89690 a8188661718c200.00 aEN-73223 bDBAD / PUB14a9211 aDavidar, E.S. J.1 aTea and me:cby E.S. J. Davidarba memoir of planting life/ aChennaibEastWest Books (Madras),c2008 a571, Poonamalle High Road, AminjikaraibChennaicTamil Nadue600029 axiv, 214p.:c21 cm. (Pbk)bb&w photos aIncludes bibliographical references